| 000 | 00389 a2200145 4500 | ||
|---|---|---|---|
| 001 | 53534 | ||
| 082 | _a510KRE | ||
| 090 |
_c33682 _d33682 |
||
| 100 | _aKreyszig, Erwin | ||
| 245 |
_aAdvanced engineering mathematics, 7th Ed; instructors manual _cErwin Kreyszig |
||
| 250 | _a7 | ||
| 260 |
_aNY _bJohn Wiley NY _c1993 |
||
| 300 |
_aiii, 365 p _bphotocopy |
||
| 500 | _aBE textbook H & S dept | ||
| 942 |
_aNUST-CAE _k510KRE |
||
| 999 |
_c288607 _d288607 |
||